000 00306nam a22001337a 4500
005 20171207112118.0
008 171207b xxu||||| |||| 00| 0 eng d
041 _aeng
082 _a622.14
245 _aSURVEYING AND LEVELLING
260 _aGT. BRITAIN
_bT.A.SOUTHERN LTD.
300 _a165p,
942 _cBK
999 _c5671
_d5669